Les films d'Ana Girardot - Statistiques

Statistiques générales
  • Ce quiz a été pris 10 fois
  • Le résultat moyen est 6 sur 19
Statistiques - réponses
Par images Réponse % Correct
Deux moi
100%
La Flamme
100%
Le Flambeau
100%
Ce qui nous lie
75%
La prochaine fois je viserai le coeur
50%
La Fièvre
25%
La Maison
25%
Le Comte de Monte-Cristo
25%
Les Revenants
25%
Madame de Sévigné
25%
Ogre
25%
Un homme idéal
25%
Amitiés sincères
0%
Cinquième set
0%
Knock
0%
Le Beau monde
0%
Le salaire de la peur
0%
Paradise Lost
0%
Simon Werner a disparu...
0%
Aucun quiz correspondant
Distribution des résultats
% des personnes avec chaque résultat
Percentile par nombre de réponses
Votre historique - résultats
Vous n’avez pas pris ce quiz